Alle Hauptstädte Asiens (mit Hinweis) - Statistiken

Allgemein
  • Dieses Quiz wurde 62 mal gespielt
  • Das Durchschnittsergebnis liegt bei 32 aus 49
Antwortstatistiken
Land Hauptstadt % Korrekt
China Peking
92%
Südkorea Seoul
92%
Japan Tokio
92%
Indien Neu-Delhi
89%
Russland Moskau
87%
Singapur Singapur
87%
Türkei Ankara
84%
Ägypten Kairo
84%
Thailand Bangkok
82%
Vietnam Hanoi
82%
Afghanistan Kabul
82%
Irak Bagdad
79%
Pakistan Islamabad
79%
Malediven Malé
79%
Zypern Nikosia
79%
Nordkorea Pjöngjang
79%
Iran Teheran
79%
Georgien Tiflis
79%
Indonesien Jakarta
76%
Aserbaidschan Baku
74%
Libanon Beirut
74%
Kuwait Kuwait
74%
Philippinen Manila
74%
Saudi-Arabien Riad
74%
Vereinigte Arabische Emirate Abu Dhabi
71%
Syrien Damaskus
71%
Katar Doha
66%
Israel Tel Aviv
63%
Armenien Jerewan
61%
Malaysia Kuala Lumpur
61%
Jordanien Amman
58%
Jemen Sanaa
58%
Kasachstan Astana
55%
Osttimor Dili
55%
Nepal Kathmandu
55%
Bangladesch Dhaka
50%
Oman Maskat
50%
Usbekistan Taschkent
50%
Bahrain Manama
45%
Mongolei Ulaanbataar
45%
Turkmenistan Aşgabat
42%
Kirgisistan Bischkek
42%
Sri Lanka Colombo
42%
Tadschikistan Duschanbe
42%
Bhutan Thimphu
42%
Laos Vientiane
39%
Brunei Bandar Seri Begawan
37%
Kambodscha Phnom Penh
37%
Myanmar Naypyidaw
24%
Keine übereinstimmenden Quizze gefunden
Verteilung der Resultate
Anzahl Personen mit jedem Resultat
Perzentil nach korrekt beantworteten Fragen
Ihre Resultats-Entwicklung
Sie haben dieses Quiz noch nicht gespielt